PSG, connais-tu vraiment ces 4 joueurs ? - Statistiques

Statistiques générales
  • Ce quiz a été pris 685 fois
  • Le résultat moyen est 9 sur 10
Statistiques - réponses
Question Réponse % Correct
Lequel de ces joueurs est d'origine Espagnole ? Fabian Ruiz
100%
Lequel de ces joueurs est né en 2005 ? Désiré Doué
99%
Lequel de ces joueurs est le plus jeune ? Désiré Doué
99%
Lequel de ces joueurs a joué pour l'équipe nationale espagnole ? Fabian Ruiz
98%
Lequel de ces joueurs est d'origine brésilienne ? Marquinhos
98%
Lequel de ces joueurs est le plus âgé ? Marquinhos
97%
Lequel de ces joueurs est numéro 5 au PSG ? Marquinhos
93%
Lequel de ces joueurs a pour surnom : "confrère d’Ousmane Dembélé" ? Désiré Doué
85%
Lequel de ces joueurs est né à Vernon, en France ? Ousmane Dembélé
60%
Lequel de ces joueurs est un suiveur assidu du Leeds United de Marcelo Bielsa ? Ousmane Dembélé
45%
Aucun quiz correspondant
Distribution des résultats
% des personnes avec chaque résultat
Percentile par nombre de réponses
Votre historique - résultats
Vous n’avez pas pris ce quiz